Modern Names of Random Ancient Roman Cities - Statistics

General Stats
  • This quiz has been taken 915 times
  • The average score is 9 of 20
Answer Stats
Ancient Name Modern-Day Country City % Correct
Roma Italy Rome
100%
Florentia Italy Florence
99%
Londinium United Kingdom London
98%
Corduba Spain Córdoba
95%
Genua Italy Genoa
95%
Valentia Spain Valencia
90%
Venetiae Italy Venice
90%
Neapolis Italy Naples
89%
Athenae Greece Athens
88%
Byzantium Turkey Istanbul
88%
Thessalonica Greece Thessaloniki
88%
Corinthus Greece Corinth
87%
Genava Switzerland Geneva
87%
Massalia France Marseille
87%
Portus Cale Portugal Porto
87%
Berytus Lebanon Beirut
86%
Smyrna Turkey İzmir
84%
Lutetia Parisiorum France Paris
83%
Vindobona Austria Vienna
83%
Lugdunum France Lyon
82%
Spalatum Croatia Split
82%
Toletum Spain Toledo
82%
Philadelphia Jordan Amman
80%
Ancyra Turkey Ankara
80%
Nicaea France Nice
80%
Scupi North Macedonia Skopje
80%
Barcino Spain Barcelona
79%
Basilea Switzerland Basel
78%
Tolosa France Toulouse
78%
Colonia Agrippina Germany Cologne
77%
Ganda Belgium Ghent
77%
Mediolanum Italy Milan
77%
Aquincum Hungary Budapest
76%
Icosium Algeria Algiers
75%
Lousanna Switzerland Lausanne
74%
Malaca Spain Málaga
74%
Barium Italy Bari
73%
Bononia Italy Bologna
73%
Aelia Capitolina Israel Jerusalem
73%
Ulpia Serdica Bulgaria Sofia
72%
Olisipo Portugal Lisbon
71%
Catana Italy Catania
70%
Burdigala France Bordeaux
69%
Salmantica Spain Salamanca
69%
Messana Italy Messina
67%
Oea Libya Tripoli
67%
Turicum Switzerland Zürich
67%
Palmaria Spain Palma de Mallorca
66%
Tingis Morocco Tangier
66%
Tyrus Lebanon Tyre
66%
Attalia Turkey Antalya
65%
Napoca Romania Cluj-Napoca
65%
Iulia Aemona Slovenia Ljubljana
65%
Mamucium United Kingdom Manchester
64%
Singidunum Serbia Belgrade
63%
Avennio France Avignon
62%
Aquae Sulis United Kingdom Bath
62%
Philippopolis Bulgaria Plovdiv
60%
Hispalis Spain Seville
60%
Berenice Libya Benghazi
59%
Conimbriga Portugal Coimbra
58%
Heracleium Greece Heraklion
57%
Tarentum Italy Taranto
56%
Andautonia Croatia Zagreb
56%
Brundisium Italy Brindisi
55%
Pompaelo Spain Pamplona
55%
Beroea Syria Aleppo
54%
Bergamum Italy Bergamo
53%
Thebae Egypt Luxor
53%
Bracara Augusta Portugal Braga
52%
Hadrianopolis Turkey Edirne
52%
Carthago Nova Spain Cartagena
49%
Panormus Italy Palermo
49%
Lentia Austria Linz
48%
Unica Colonia Algeria Oran
48%
Eburacum United Kingdom York
48%
Patrensis Greece Patras
47%
Augusta Treverorum Germany Trier
47%
Dyrrhachium Albania Durrës
45%
Naissus Serbia Niš
45%
Augusta Taurinorum Italy Turin
45%
Gerunda Spain Girona
44%
Gades Spain Cádiz
43%
Portus Namnetum France Nantes
43%
Odessus Bulgaria Varna
43%
Nemausus France Nîmes
42%
Iuvavum Austria Salzburg
42%
Scodra Albania Shkodër
42%
Patavium Italy Padua
41%
Tarraco Spain Tarragona
40%
Trapezus Turkey Trabzon
40%
Rhegium Iulii Italy Reggio Calabria
39%
Placentia Italy Piacenza
38%
Tergeste Italy Trieste
38%
Brixia Italy Brescia
37%
Antiochia ad Orontem Turkey Antakya
36%
Arretium Italy Arezzo
35%
Divio France Dijon
35%
Saena Iulia Italy Siena
34%
Iconium Turkey Konya
32%
Cirta Algeria Constantine
31%
Mogontiacum Germany Mainz
31%
Ariminium Italy Rimini
31%
Caesaraugusta Spain Zaragoza
31%
Aurelianum France Orléans
30%
Rotomagus France Rouen
30%
Traiectum Netherlands Utrecht
30%
Glevum United Kingdom Gloucester
29%
Mutina Italy Modena
29%
Regina Castra Germany Regensburg
28%
Argentorate France Strasbourg
28%
Ambianorum France Amiens
26%
Augusta Vindelicorum Germany Augsburg
26%
Caralis Italy Cagliari
26%
Emesa Syria Homs
26%
Lindum Colonia United Kingdom Lincoln
26%
Iader Croatia Zadar
26%
Aquae Granni Germany Aachen
25%
Caesarea Mazaca Turkey Kayseri
25%
Ulpia Noviomagus Batavorum Netherlands Nijmegen
25%
Tridentum Italy Trento
25%
Camulodunum United Kingdom Colchester
24%
Neapolis Palestine Nablus
24%
Hadrumetum Tunisia Sousse
24%
Illiberis Spain Granada
22%
Durocortorum France Reims
22%
Durovernum Cantiacorum United Kingdom Canterbury
21%
Augusta Emerita Spain Mérida
21%
Condate Redonum France Rennes
21%
Dubris United Kingdom Dover
20%
Laodicea ad Mare Syria Latakia
20%
Ebesus Spain Ibiza
18%
Nicaea Turkey İznik
18%
Amida Turkey Diyarbakır
17%
Edessa Turkey Şanlıurfa
17%
Syene Egypt Aswan
16%
Tomis Romania Constanța
16%
Divodurum Mediomatricum France Metz
16%
Telo Martius France Toulon
16%
Lucentum Spain Alicante
15%
Avaricum France Bourges
15%
Forum Livii Italy Forlì
15%
Ratae Corieltauvorum United Kingdom Leicester
15%
Melitene Turkey Malatya
15%
Pons Aelius United Kingdom Newcastle upon Tyne
15%
Aquae Sextiae France Aix-en-Provence
14%
Deva Victrix United Kingdom Chester
14%
Theodosiopolis Turkey Erzurum
13%
Nicomedia Turkey İzmit
12%
Lucus Augusta Spain Lugo
11%
Sebastopolis Turkey Sivas
11%
Caesarodunum France Tours
11%
Vesontio France Besançon
10%
Callinicum Syria Raqqa
10%
Salona Croatia Solin
9%
Apulum Romania Alba Iulia
8%
Novaesium Germany Neuss
7%
Septem Spain Ceuta
6%
Limonum France Poitiers
6%
Iuliomagus France Angers
5%
Modoetia Italy Monza
5%
Amisus Turkey Samsun
5%
Augustonemetum France Clermont-Ferrand
2%
No matching quizzes found
Score Distribution
Percent of People with Each Score
Percentile by Number Answered
Your Score History
You have not taken this quiz